000
00310nam a22001217a 4500
008
170329b xxu||||| |||| 00| 0 eng d
041
_a
eng
080
_2
4TH
_a
616-053.2
100
_a
8
101
_a
SHM
245
_a
INFECTION CONTROL IN THE CHILD CARE CENTER AND PRESCHOOL
_c
DONOWITZ, L.G
942
_2
udc
_c
BK
999
_c
8949
_d
8949